01015 a2200181 45000010006000000050017000060080041000230030015000640400040000790800100001192450080002190200022002992640059003213000019003805050274003991000031006738560129007042121220260407155503.0260407a2006 arg spa dAR-UNSa-BCEJYS aAR-UNSa-BCEJYSbspacAR-UNSa-BCEJYS a174:65xEtica en gestión y organización de la industria (Responsabilidad Social Empresaria)10aResponsabilidad social empresariapinformes contables sobre su cumplimiento a978-987-1281-23-7 1aBuenos Aires :bEDICON (Fondo Editorial Consejo)c2006 a166 p.c21 cm. a1. Teorías relacionadas con la contabilidad y la RSE - 2. Sistema contable para el cumplimiento de la RSE - 3. Informes sobre la RSE - 4. Emisores y usuarios de los informes sobre la RSE - 5. Inversores éticos y mercados financieros - 6. Algunas reflexiones finales1 aGarcía Fronti, Inés M.41uhttps://biblioeco.unsa.edu.ar/pmb/images/libros/Responsabilidad social empresaria-l119248.jpgyImagen de portadaqimage/jpeg